| 000 | 00420nam a2200133Ia 4500 | ||
|---|---|---|---|
| 008 | 170221s9999 xx 000 0 und d | ||
| 100 | _aJen-Shi Ni | ||
| 245 | 4 | _aThe Comovement Effect of Macroeconomics and House Market in CH-HK-TW | |
| 245 | _cJen-Shi Ni, Jin-Chung Liu and Chyan Mei Rong | ||
| 260 | _c2012 | ||
| 300 | _a1 : 1 | ||
| 650 | _xBusiness | ||
| 856 | _uhttp://www.scienpress.com/Upload/BEJ/Vol%202_2_2.pdf | ||
| 999 |
_c311673 _d311673 |
||